<?xml version="1.0" encoding="UTF-8"?>
<collection xmlns="http://www.loc.gov/MARC21/slim">
 <record>
  <leader>02218nam a2200433 a 4500</leader>
  <controlfield tag="001">TVCDKTCT5689</controlfield>
  <controlfield tag="003">Thư viện trường Cao đẳng Kỹ thuật Cao Thắng</controlfield>
  <controlfield tag="005">20060704000000</controlfield>
  <controlfield tag="008">060704</controlfield>
  <datafield tag="980" ind1="\" ind2="\">
   <subfield code="a">Thư viện Trường CĐ Kỹ Thuật Cao Thắng</subfield>
  </datafield>
  <datafield tag="024" ind1=" " ind2=" ">
   <subfield code="a">RG_1 #1 eb0 i1</subfield>
  </datafield>
  <datafield tag="041" ind1="0" ind2="#">
   <subfield code="a">vie</subfield>
  </datafield>
  <datafield tag="082" ind1="#" ind2="#">
   <subfield code="a">005.028 5 / </subfield>
   <subfield code="b">T550H</subfield>
  </datafield>
  <datafield tag="100" ind1="1" ind2="#">
   <subfield code="a">Quang Huy</subfield>
  </datafield>
  <datafield tag="245" ind1="0" ind2="0">
   <subfield code="a">Tự học Edgecam bằng hình ảnh( kèm đĩa CD) /</subfield>
   <subfield code="c">Quang Huy</subfield>
  </datafield>
  <datafield tag="250" ind1="#" ind2="#">
   <subfield code="a">In lần thứ 1</subfield>
  </datafield>
  <datafield tag="260" ind1="#" ind2="#">
   <subfield code="a">Tp.HCM :</subfield>
   <subfield code="b">Giao thông vận tải ,</subfield>
   <subfield code="c">2006</subfield>
  </datafield>
  <datafield tag="300" ind1="#" ind2="#">
   <subfield code="a">287tr. ;</subfield>
   <subfield code="c">29cm</subfield>
  </datafield>
  <datafield tag="520" ind1="#" ind2="#">
   <subfield code="a">Để đáp ứng nhu cầu học tập và làm việc của nhiều giới, nhiều ngành nghề khác nhau. tủ sách HALA trân trọng giới thiệu đến bạn đọc tài liệu &quot;Tự học Edgecam bằng hình ảnh&quot;. Nội dung cuốn sách gồm:</subfield>
  </datafield>
  <datafield tag="520" ind1="#" ind2="#">
   <subfield code="a">  Bài tập 1: Vẽ khối đỡ</subfield>
  </datafield>
  <datafield tag="520" ind1="#" ind2="#">
   <subfield code="a">  Bài tập 2: Vẽ nắp bình áp suất</subfield>
  </datafield>
  <datafield tag="520" ind1="#" ind2="#">
   <subfield code="a">  Bài tập 3: Vẽ thân gối đỡ</subfield>
  </datafield>
  <datafield tag="520" ind1="#" ind2="#">
   <subfield code="a">  Bài tập 4: Vẽ khối cơ bản</subfield>
  </datafield>
  <datafield tag="520" ind1="#" ind2="#">
   <subfield code="a">  Bài tập 5: Ghi kích thước và in ấn</subfield>
  </datafield>
  <datafield tag="520" ind1="#" ind2="#">
   <subfield code="a">  Bài tập 6: Gia công khối cơ bản</subfield>
  </datafield>
  <datafield tag="520" ind1="#" ind2="#">
   <subfield code="a">  Bài tập 7: Vẽ nắp cọc bê tông</subfield>
  </datafield>
  <datafield tag="520" ind1="#" ind2="#">
   <subfield code="a">  Bài tập 8: Gia công nắp cọc bê tông</subfield>
  </datafield>
  <datafield tag="520" ind1="#" ind2="#">
   <subfield code="a">  Bài tập 9: Vẽ khuôn chi tiết máy</subfield>
  </datafield>
  <datafield tag="520" ind1="#" ind2="#">
   <subfield code="a">  Bài tập 10: Gia công khuôn chi tiết máy</subfield>
  </datafield>
  <datafield tag="520" ind1="#" ind2="#">
   <subfield code="a">  Bài tâp11: Vẽ thân giới hộp giảm tốc</subfield>
  </datafield>
  <datafield tag="520" ind1="#" ind2="#">
   <subfield code="a">  Bài tập 12: Gia công thân giới hộp giảm tốc</subfield>
  </datafield>
  <datafield tag="520" ind1="#" ind2="#">
   <subfield code="a">  Bài tập 13: Vẽ chi tiết phức tạp </subfield>
  </datafield>
  <datafield tag="520" ind1="#" ind2="#">
   <subfield code="a">  Bài tập 14: Gia công chi tiết phức tạp</subfield>
  </datafield>
  <datafield tag="520" ind1="#" ind2="#">
   <subfield code="a">  Bài tập 15: Hướng dẫn cài đặt chương trình Edgecam</subfield>
  </datafield>
  <datafield tag="520" ind1="#" ind2="#">
   <subfield code="a">  Bài tập 16: Bài tập thực hành</subfield>
  </datafield>
  <datafield tag="650" ind1="#" ind2="4">
   <subfield code="a">Tin học ứng dụng</subfield>
  </datafield>
  <datafield tag="650" ind1="#" ind2="4">
   <subfield code="a">Vẽ gối đỡ</subfield>
  </datafield>
  <datafield tag="650" ind1="#" ind2="4">
   <subfield code="a">Vẽ khối cơ bản</subfield>
  </datafield>
  <datafield tag="650" ind1="#" ind2="4">
   <subfield code="a">Gia công khối cơ bản</subfield>
  </datafield>
 </record>
</collection>
